|
|
|
|
| LEADER |
00000nam0a2200000 4500 |
| 001 |
113407 |
| 005 |
20231031121814.0 |
| 035 |
|
|
|a (RuTPU)RU\TPU\book\122652
|
| 090 |
|
|
|a 113407
|
| 100 |
|
|
|a 20070410d1982 km y0rusy50 ca
|
| 101 |
0 |
|
|a rus
|
| 102 |
|
|
|a RU
|
| 105 |
|
|
|a a g 001zy
|
| 200 |
1 |
|
|a Краткий справочник горного инженера угольной шахты
|e справочник
|f под ред. А. С. Бурчакова, Ф. Ф. Кузюкова
|
| 205 |
|
|
|a 3-е изд., перераб. и доп.
|
| 210 |
|
|
|a Москва
|c Недра
|d 1982
|
| 215 |
|
|
|a 454 с.
|c ил.
|
| 320 |
|
|
|a Библиогр.: с. 450.
|
| 610 |
1 |
|
|a справочники
|
| 610 |
1 |
|
|a горные инженеры
|
| 610 |
1 |
|
|a угольные шахты
|
| 610 |
1 |
|
|a вскрытие
|
| 610 |
1 |
|
|a подготовка
|
| 610 |
1 |
|
|a пластовые месторождения
|
| 610 |
1 |
|
|a буровые работы
|
| 610 |
1 |
|
|a взрывные работы
|
| 610 |
1 |
|
|a горные выработки
|
| 610 |
1 |
|
|a крепь
|
| 610 |
1 |
|
|a горные машины
|
| 610 |
1 |
|
|a управление
|
| 610 |
1 |
|
|a технология
|
| 610 |
1 |
|
|a гидромеханизация
|
| 610 |
1 |
|
|a подземная угледобыча
|
| 610 |
1 |
|
|a подземный транспорт
|
| 610 |
1 |
|
|a вентиляция
|
| 610 |
1 |
|
|a дегазация
|
| 610 |
1 |
|
|a установки
|
| 610 |
1 |
|
|a электроснабжение
|
| 610 |
1 |
|
|a электрооборудование
|
| 675 |
|
|
|a 622.333(08)
|v 3
|
| 702 |
|
1 |
|a Бурчаков
|b А. С.
|c Анатолий Семенович
|4 340
|
| 702 |
|
1 |
|a Кузюков
|b Ф. Ф.
|4 340
|
| 801 |
|
1 |
|a RU
|b 63413507
|c 20070410
|g PSBO
|
| 801 |
|
2 |
|a RU
|b 63413507
|c 20080329
|g PSBO
|
| 942 |
|
|
|c BK
|